| 000 | 00750nam a22002297a 4500 | ||
|---|---|---|---|
| 003 | UA-OsUOA | ||
| 001 | 118031 | ||
| 007 | ta | ||
| 008 | 20160704b un ||||| |||| 00| 0 ukr d | ||
| 090 |
_a323.1(477.87+85) _bЕ50 |
||
| 942 | _cBK | ||
| 040 |
_aUA-OsUOA _bukr _cUA-OsUOA _dUA-OsUOA |
||
| 245 |
_aЕлекторальні процеси України в регіональному вимірі: Буковина і Закарпаття _bмонографія _cпід ред. А. Круглашова, М. Токаря |
||
| 300 | _a552 с. | ||
| 955 | _a1 | ||
| 041 | _aukr | ||
| 080 | _a323.1(477.87+85) | ||
| 020 | _a978-617-596-169-8 | ||
| 260 |
_aУжгород _bЛіра _c2014 |
||
| 650 | 7 |
_a32 Політика _2UDC |
|
| 999 |
_c404068 _d404068 |
||